00816nam a2200193Ia 4500008004100000020001500041050001800056100003400074245007100108250001900179260003500198300002800233500012900261505010700390650001900497650002700516650004800543700003100591120626s9999 xx 000 0 und d a970077169504aK10bM67 2013 aMoto Salazar, Efraíneautor10aElementos de Derechoc / Efraín Moto Salazar, José Miguel Moto a50a. edición aMéxicob : Porrúac , 2013 axxxviii ; 450 páginas aIncluye: Dedicatoria Nota preliminar a la primera edición Nota preliminar Prólogo Índice general Índice alfabético aLos conceptos fundamentales Derecho constitucional y administrativo Algunos temas de derecho mercantil17aJURISPRUDENCIA 0aDERECHO CONSTITUCIONAL 0aDERECHOxPRINCIPIOSxTEORÍA - ENSEÑANZA aMoto, José Migueleautor